[Event "European Women's Championship"]
[Site "Vysoke Tatry"]
[Date "2018.04.16"]
[Round "8"]
[White "Rodshtein, Tereza"]
[Black "Brunello, Marina"]
[Result "1-0"]
[Board "47"]
[WhiteElo "2226"]
[WhiteTitle "WGM"]
[WhiteCountry "CZE"]
[WhiteFideId "325449"]
[WhiteEloChange "12"]
[BlackElo "2307"]
[BlackTitle "FM"]
[BlackCountry "ITA"]
[BlackFideId "822590"]
[BlackEloChange "-12"]

1. e4 {[%clk 1:30:50]} c5 {[%clk 1:30:53]} 2. Nf3 {[%clk 1:31:13]} d6 {[%clk
1:31:19]} 3. d4 {[%clk 1:31:31]} cxd4 {[%clk 1:31:45]} 4. Nxd4 {[%clk 1:31:56]}
Nf6 {[%clk 1:32:13]} 5. Nc3 {[%clk 1:32:19]} a6 {[%clk 1:32:41]} 6. g3 {[%clk
1:31:48]} e5 {[%clk 1:33:04]} 7. Nb3 {[%clk 1:32:06]} Be7 {[%clk 1:33:26]} 8. Bg2
{[%clk 1:32:25]} O-O {[%clk 1:33:25]} 9. O-O {[%clk 1:32:48]} Be6 {[%clk
1:33:42]} 10. Re1 {[%clk 1:28:21]} Nbd7 {[%clk 1:24:37]} 11. Nd2 {[%clk 1:27:20]}
b5 {[%clk 1:19:58]} 12. Nf1 {[%clk 1:27:27]} b4 {[%clk 1:19:08]} 13. Nd5 {[%clk
1:26:16]} Nxd5 {[%clk 1:18:53]} 14. exd5 {[%clk 1:26:39]} Bf5 {[%clk 1:19:20]}
15. Ne3 {[%clk 1:26:14]} Bg6 {[%clk 1:19:42]} 16. a3 {[%clk 1:26:22]} a5 {[%clk
1:14:34]} 17. axb4 {[%clk 1:25:51]} axb4 {[%clk 1:14:59]} 18. Bd2 {[%clk
1:26:08]} Rb8 {[%clk 1:05:47]} 19. Nc4 {[%clk 1:22:18]} Rb5 {[%clk 1:02:44]} 20.
Qe2 {[%clk 1:15:10]} Qb8 {[%clk 0:59:43]} 21. Na5 {[%clk 1:12:10]} Bf6 {[%clk
0:58:17]} 22. Nc6 {[%clk 1:12:09]} Qb6 {[%clk 0:54:07]} 23. Be3 {[%clk 1:10:52]}
Rc5 {[%clk 0:51:19]} 24. c3 {[%clk 1:06:29]} b3 {[%clk 0:49:50]} 25. Ra6 {[%clk
0:51:52]} Qc7 {[%clk 0:47:06]} 26. Ra7 {[%clk 0:51:03]} Qc8 {[%clk 0:47:32]} 27.
Bh3 {[%clk 0:50:31]} 1-0

[Event "European Women's Championship"]
[Site "Vysoke Tatry"]
[Date "2018.04.16"]
[Round "8"]
[White "Smirnova, Ekaterina"]
[Black "Doluhanova, Evgeniya"]
[Result "0-1"]
[Board "48"]
[WhiteElo "2153"]
[WhiteTitle "WFM"]
[WhiteCountry "RUS"]
[WhiteFideId "4110943"]
[WhiteEloChange "-6"]
[BlackElo "2304"]
[BlackTitle "WGM"]
[BlackCountry "UKR"]
[BlackFideId "14112035"]
[BlackEloChange "6"]

1. d4 {[%clk 1:30:58]} Nf6 {[%clk 1:30:56]} 2. c4 {[%clk 1:31:24]} e6 {[%clk
1:31:24]} 3. Nc3 {[%clk 1:31:51]} Bb4 {[%clk 1:31:51]} 4. e3 {[%clk 1:32:16]} O-O
{[%clk 1:32:15]} 5. Bd3 {[%clk 1:32:41]} c5 {[%clk 1:32:32]} 6. Nf3 {[%clk
1:33:05]} d5 {[%clk 1:32:43]} 7. O-O {[%clk 1:32:54]} dxc4 {[%clk 1:33:03]} 8.
Bxc4 {[%clk 1:33:19]} cxd4 {[%clk 1:33:28]} 9. exd4 {[%clk 1:33:45]} b6 {[%clk
1:33:43]} 10. Qe2 {[%clk 1:32:20]} Bb7 {[%clk 1:33:22]} 11. Rd1 {[%clk 1:32:44]}
Nc6 {[%clk 1:07:54]} 12. d5 {[%clk 1:27:36]} exd5 {[%clk 1:05:18]} 13. Nxd5
{[%clk 1:26:48]} Nxd5 {[%clk 1:04:39]} 14. Bxd5 {[%clk 1:25:37]} Qe7 {[%clk
1:03:50]} 15. Qxe7 {[%clk 1:22:04]} Bxe7 {[%clk 1:04:18]} 16. Bg5 {[%clk
1:21:35]} Bxg5 {[%clk 0:59:28]} 17. Nxg5 {[%clk 1:22:03]} Nd8 {[%clk 0:58:49]}
18. Bxb7 {[%clk 1:16:43]} Nxb7 {[%clk 0:59:15]} 19. b4 {[%clk 1:16:55]} Rfd8
{[%clk 0:57:36]} 20. Kf1 {[%clk 1:15:46]} Nd6 {[%clk 0:45:47]} 21. Rac1 {[%clk
1:12:00]} h6 {[%clk 0:45:02]} 22. Nf3 {[%clk 1:12:24]} Ne4 {[%clk 0:44:42]} 23.
Rxd8+ {[%clk 0:37:22]} Rxd8 {[%clk 0:44:42]} 24. Rc7 {[%clk 0:36:59]} Rd1+ {[%clk
0:43:14]} 25. Ke2 {[%clk 0:33:55]} Rb1 {[%clk 0:43:25]} 26. Ke3 {[%clk 0:30:47]}
Rxb4 {[%clk 0:39:42]} 27. Rxa7 {[%clk 0:30:58]} Nc3 {[%clk 0:36:45]} 28. Kd3
{[%clk 0:18:59]} Nd5 {[%clk 0:33:34]} 29. Kc2 {[%clk 0:18:37]} Re4 {[%clk
0:31:36]} 30. Kd3 {[%clk 0:16:58]} Re6 {[%clk 0:28:05]} 31. g3 {[%clk 0:13:38]}
Rf6 {[%clk 0:27:34]} 32. Ke2 {[%clk 0:13:31]} Nc3+ {[%clk 0:27:28]} 33. Ke3
{[%clk 0:13:57]} Re6+ {[%clk 0:27:19]} 34. Kd3 {[%clk 0:11:23]} Nd1 {[%clk
0:27:16]} 35. Nd4 {[%clk 0:10:01]} Nxf2+ {[%clk 0:26:57]} 36. Kc4 {[%clk
0:10:23]} Rf6 {[%clk 0:23:29]} 37. Rc7 {[%clk 0:07:19]} Ng4 {[%clk 0:21:19]} 38.
h3 {[%clk 0:07:08]} Ne3+ {[%clk 0:21:21]} 39. Kb5 {[%clk 0:04:02]} Rd6 {[%clk
0:08:49]} 40. Nc6 {[%clk 0:32:52]} Rd2 {[%clk 0:35:21]} 41. Nb4 {[%clk 0:30:56]}
Rb2 {[%clk 0:34:06]} 42. a3 {[%clk 0:31:12]} f5 {[%clk 0:26:15]} 43. Rc8+ {[%clk
0:29:28]} Kh7 {[%clk 0:26:30]} 44. Rc3 {[%clk 0:26:32]} Nd5 {[%clk 0:13:26]} 45.
Rd3 {[%clk 0:26:00]} Nxb4 {[%clk 0:13:38]} 46. axb4 {[%clk 0:26:28]} Kg6 {[%clk
0:13:45]} 47. Rf3 {[%clk 0:20:41]} Kf6 {[%clk 0:10:59]} 48. h4 {[%clk 0:19:22]}
g5 {[%clk 0:10:11]} 49. hxg5+ {[%clk 0:19:45]} hxg5 {[%clk 0:09:49]} 50. Re3
{[%clk 0:15:42]} Rb1 {[%clk 0:07:04]} 51. Rd3 {[%clk 0:07:26]} Ke5 {[%clk
0:05:19]} 52. Rc3 {[%clk 0:07:26]} Kd4 {[%clk 0:02:34]} 53. Rf3 {[%clk 0:06:16]}
Ke4 {[%clk 0:02:52]} 54. Rc3 {[%clk 0:06:45]} f4 {[%clk 0:02:36]} 55. gxf4 {[%clk
0:07:13]} gxf4 {[%clk 0:03:00]} 56. Rc4+ {[%clk 0:04:29]} Ke5 {[%clk 0:03:23]}
57. Rc3 {[%clk 0:03:04]} Kd5 {[%clk 0:03:02]} 58. Rc8 {[%clk 0:00:40]} f3 {[%clk
0:03:07]} 59. Rf8 {[%clk 0:00:55]} Ke4 {[%clk 0:03:04]} 60. Re8+ {[%clk 0:01:22]}
Kd3 {[%clk 0:03:20]} 61. Rd8+ {[%clk 0:01:40]} Ke2 {[%clk 0:03:24]} 62. Re8+
{[%clk 0:02:06]} Kd2 {[%clk 0:01:25]} 63. Rf8 {[%clk 0:01:48]} Rb3 {[%clk
0:01:27]} 64. Rd8+ {[%clk 0:00:43]} Ke2 {[%clk 0:01:26]} 65. Re8+ {[%clk
0:00:55]} Re3 {[%clk 0:01:40]} 66. Ra8 {[%clk 0:01:05]} Re4 {[%clk 0:01:07]} 67.
Kxb6 {[%clk 0:00:39]} Rxb4+ {[%clk 0:01:28]} 68. Kc5 {[%clk 0:01:06]} Rg4 {[%clk
0:01:49]} 69. Ra2+ {[%clk 0:01:21]} Kf1 {[%clk 0:02:12]} 70. Ra1+ {[%clk
0:01:38]} Kg2 {[%clk 0:02:35]} 0-1

[Event "European Women's Championship"]
[Site "Vysoke Tatry"]
[Date "2018.04.16"]
[Round "8"]
[White "Vidic, Teja"]
[Black "Worek, Joanna"]
[Result "0-1"]
[Board "49"]
[WhiteElo "2176"]
[WhiteTitle "WFM"]
[WhiteCountry "SLO"]
[WhiteFideId "14605511"]
[WhiteEloChange "-7"]
[BlackElo "2295"]
[BlackTitle "WGM"]
[BlackCountry "CZE"]
[BlackFideId "1118080"]
[BlackEloChange "7"]

1. e4 {[%clk 1:30:59]} c5 {[%clk 1:30:54]} 2. c3 {[%clk 1:31:25]} Nf6 {[%clk
1:31:07]} 3. e5 {[%clk 1:31:51]} Nd5 {[%clk 1:31:34]} 4. d4 {[%clk 1:32:15]} e6
{[%clk 1:31:01]} 5. Nf3 {[%clk 1:32:41]} cxd4 {[%clk 1:31:06]} 6. cxd4 {[%clk
1:33:07]} Nc6 {[%clk 1:31:21]} 7. Bc4 {[%clk 1:33:24]} d6 {[%clk 1:31:45]} 8. O-O
{[%clk 1:33:45]} Be7 {[%clk 1:31:57]} 9. Qe2 {[%clk 1:34:11]} O-O {[%clk
1:30:41]} 10. Nc3 {[%clk 1:34:37]} Nb6 {[%clk 1:25:08]} 11. Bd3 {[%clk 1:33:08]}
d5 {[%clk 1:25:23]} 12. Qc2 {[%clk 1:23:15]} g6 {[%clk 1:25:44]} 13. a3 {[%clk
1:23:43]} Bd7 {[%clk 1:25:56]} 14. Bh6 {[%clk 1:23:51]} Re8 {[%clk 1:25:53]} 15.
Qc1 {[%clk 1:19:31]} Na5 {[%clk 1:12:32]} 16. Qf4 {[%clk 1:19:08]} Rc8 {[%clk
1:06:30]} 17. h4 {[%clk 1:08:02]} Nbc4 {[%clk 1:06:10]} 18. Nd1 {[%clk 0:58:06]}
Nb3 {[%clk 0:58:52]} 19. Rb1 {[%clk 0:57:30]} Bb5 {[%clk 0:40:35]} 20. h5 {[%clk
0:53:23]} Qd7 {[%clk 0:33:01]} 21. Qg3 {[%clk 0:21:51]} Bf8 {[%clk 0:31:45]} 22.
hxg6 {[%clk 0:18:57]} Bxh6 {[%clk 0:30:29]} 23. gxf7+ {[%clk 0:19:23]} Kxf7
{[%clk 0:28:14]} 24. Bxh7 {[%clk 0:19:47]} Kf8 {[%clk 0:22:47]} 25. Qg8+ {[%clk
0:15:56]} Ke7 {[%clk 0:23:11]} 26. Qg6 {[%clk 0:16:23]} Kd8 {[%clk 0:23:22]} 27.
Qxh6 {[%clk 0:16:07]} Kc7 {[%clk 0:17:05]} 28. Nc3 {[%clk 0:14:34]} Ba6 {[%clk
0:17:02]} 29. Rfd1 {[%clk 0:10:30]} Kb8 {[%clk 0:16:35]} 30. Bc2 {[%clk 0:08:02]}
Rh8 {[%clk 0:16:28]} 31. Qf4 {[%clk 0:07:15]} Rcf8 {[%clk 0:16:41]} 32. Qg3
{[%clk 0:06:51]} Rfg8 {[%clk 0:15:33]} 33. Ng5 {[%clk 0:05:29]} Ncd2 {[%clk
0:09:29]} 34. Bxb3 {[%clk 0:05:54]} Rxg5 {[%clk 0:09:20]} 35. Qxg5 {[%clk
0:05:35]} Qh7 {[%clk 0:09:47]} 36. f4 {[%clk 0:02:07]} Nf3+ {[%clk 0:10:12]} 37.
Kf2 {[%clk 0:02:17]} Nxg5 {[%clk 0:10:35]} 38. fxg5 {[%clk 0:02:44]} Qh4+ {[%clk
0:10:49]} 39. Kg1 {[%clk 0:02:47]} Qh2+ {[%clk 0:11:14]} 40. Kf2 {[%clk 0:33:14]}
Rf8+ {[%clk 0:41:40]} 41. Ke1 {[%clk 0:33:18]} Rf1+ {[%clk 0:41:55]} 0-1

[Event "European Women's Championship"]
[Site "Vysoke Tatry"]
[Date "2018.04.16"]
[Round "8"]
[White "Sedina, Elena"]
[Black "Motycakova, Monika"]
[Result "1/2-1/2"]
[Board "50"]
[WhiteElo "2292"]
[WhiteTitle "IM"]
[WhiteCountry "ITA"]
[WhiteFideId "812153"]
[WhiteEloChange "-2"]
[BlackElo "2207"]
[BlackTitle "WFM"]
[BlackCountry "SVK"]
[BlackFideId "14909626"]
[BlackEloChange "2"]

1. e4 {[%clk 1:30:37]} e5 {[%clk 1:30:53]} 2. Bc4 {[%clk 1:30:50]} Nf6 {[%clk
1:31:00]} 3. d3 {[%clk 1:30:51]} Nc6 {[%clk 1:31:22]} 4. Nf3 {[%clk 1:30:28]} Bc5
{[%clk 1:31:26]} 5. O-O {[%clk 1:30:49]} O-O {[%clk 1:31:31]} 6. c3 {[%clk
1:23:39]} d6 {[%clk 1:31:44]} 7. Bb3 {[%clk 1:21:20]} a6 {[%clk 1:28:48]} 8. Nbd2
{[%clk 1:21:10]} Ba7 {[%clk 1:28:38]} 9. h3 {[%clk 1:21:20]} Ne7 {[%clk 1:28:34]}
10. Re1 {[%clk 1:21:25]} Ng6 {[%clk 1:23:17]} 11. Nf1 {[%clk 1:21:10]} Nh5 {[%clk
1:23:41]} 12. d4 {[%clk 1:14:44]} Nhf4 {[%clk 1:23:30]} 13. Ng3 {[%clk 1:14:23]}
h6 {[%clk 1:22:10]} 14. Be3 {[%clk 1:11:02]} Qf6 {[%clk 1:15:32]} 15. Bc2 {[%clk
1:08:54]} Re8 {[%clk 1:05:48]} 16. Nf5 {[%clk 1:03:38]} c6 {[%clk 0:56:57]} 17.
g3 {[%clk 0:53:43]} Nxh3+ {[%clk 0:50:19]} 18. Kg2 {[%clk 0:54:07]} d5 {[%clk
0:30:56]} 19. dxe5 {[%clk 0:33:59]} Nxe5 {[%clk 0:29:27]} 20. Nxe5 {[%clk
0:31:13]} Rxe5 {[%clk 0:22:30]} 21. Bxa7 {[%clk 0:21:17]} dxe4 {[%clk 0:10:47]}
22. Bd4 {[%clk 0:14:39]} Bxf5 {[%clk 0:09:28]} 23. Bxe5 {[%clk 0:06:47]} Qxe5
{[%clk 0:09:56]} 24. f3 {[%clk 0:06:52]} Qc5 {[%clk 0:05:39]} 25. g4 {[%clk
0:01:59]} Qf2+ {[%clk 0:03:42]} 26. Kxh3 {[%clk 0:02:22]} exf3 {[%clk 0:03:36]}
27. gxf5 {[%clk 0:00:42]} Qg2+ {[%clk 0:02:47]} 28. Kh4 {[%clk 0:01:11]} Qg5+
{[%clk 0:01:22]} 29. Kh3 {[%clk 0:01:40]} Qg2+ {[%clk 0:01:47]} 30. Kh4 {[%clk
0:02:09]} Qg5+ {[%clk 0:00:41]} 31. Kh3 {[%clk 0:02:37]} Qg2+ {[%clk 0:01:06]}
1/2-1/2

[Event "European Women's Championship"]
[Site "Vysoke Tatry"]
[Date "2018.04.16"]
[Round "8"]
[White "Injac, Teodora"]
[Black "Ptacnikova, Lenka"]
[Result "1-0"]
[Board "51"]
[WhiteElo "2290"]
[WhiteTitle "WIM"]
[WhiteCountry "SRB"]
[WhiteFideId "932400"]
[WhiteEloChange "7"]
[BlackElo "2198"]
[BlackTitle "WGM"]
[BlackCountry "ISL"]
[BlackFideId "305650"]
[BlackEloChange "-7"]

1. d4 {[%clk 1:30:56]} Nf6 {[%clk 1:30:54]} 2. Nf3 {[%clk 1:31:18]} e6 {[%clk
1:31:09]} 3. c4 {[%clk 1:31:34]} d5 {[%clk 1:30:19]} 4. Nc3 {[%clk 1:31:14]} Be7
{[%clk 1:30:16]} 5. Bf4 {[%clk 1:24:53]} O-O {[%clk 1:30:26]} 6. e3 {[%clk
1:25:17]} c6 {[%clk 1:25:30]} 7. c5 {[%clk 1:23:19]} b6 {[%clk 1:24:07]} 8. b4
{[%clk 1:23:14]} a5 {[%clk 1:23:33]} 9. a3 {[%clk 1:22:48]} Ba6 {[%clk 1:20:39]}
10. Bxa6 {[%clk 1:18:08]} Nxa6 {[%clk 1:17:51]} 11. Ne5 {[%clk 1:07:30]} Nb8
{[%clk 1:14:48]} 12. O-O {[%clk 0:56:41]} Nfd7 {[%clk 1:02:08]} 13. Nd3 {[%clk
0:46:12]} Re8 {[%clk 0:58:41]} 14. Rc1 {[%clk 0:36:54]} axb4 {[%clk 0:50:30]} 15.
axb4 {[%clk 0:37:15]} bxc5 {[%clk 0:46:27]} 16. bxc5 {[%clk 0:35:10]} Ra3 {[%clk
0:45:02]} 17. Nb1 {[%clk 0:33:43]} Ra5 {[%clk 0:42:21]} 18. Nd2 {[%clk 0:33:11]}
Bf6 {[%clk 0:37:59]} 19. Nf3 {[%clk 0:33:20]} Qc8 {[%clk 0:37:28]} 20. Ra1 {[%clk
0:26:58]} Qa6 {[%clk 0:35:47]} 21. Rxa5 {[%clk 0:22:30]} Qxa5 {[%clk 0:36:14]}
22. Qb3 {[%clk 0:21:59]} Qa6 {[%clk 0:34:01]} 23. Rb1 {[%clk 0:21:24]} h6 {[%clk
0:34:15]} 24. h3 {[%clk 0:17:16]} g5 {[%clk 0:34:01]} 25. Bd6 {[%clk 0:15:25]}
Bg7 {[%clk 0:30:11]} 26. Nde5 {[%clk 0:12:58]} Qc8 {[%clk 0:18:44]} 27. Qb7
{[%clk 0:09:58]} Nxe5 {[%clk 0:17:55]} 28. dxe5 {[%clk 0:09:19]} Nd7 {[%clk
0:17:55]} 29. Qa7 {[%clk 0:09:06]} Bf8 {[%clk 0:17:36]} 30. Rb7 {[%clk 0:08:34]}
Nxc5 {[%clk 0:15:26]} 31. Rb8 {[%clk 0:06:43]} Qd7 {[%clk 0:14:54]} 32. Qxd7
{[%clk 0:06:28]} Rxb8 {[%clk 0:14:54]} 33. Bxc5 {[%clk 0:06:35]} Bxc5 {[%clk
0:15:16]} 34. Qxc6 {[%clk 0:06:55]} Bf8 {[%clk 0:15:40]} 35. Nd4 {[%clk 0:07:03]}
Bg7 {[%clk 0:15:07]} 36. f4 {[%clk 0:07:00]} 1-0

[Event "European Women's Championship"]
[Site "Vysoke Tatry"]
[Date "2018.04.16"]
[Round "8"]
[White "Prudnykova, Olga"]
[Black "Chernyak, Viktoria"]
[Result "1-0"]
[Board "52"]
[WhiteElo "2281"]
[WhiteTitle "WIM"]
[WhiteCountry "UKR"]
[WhiteFideId "14121093"]
[WhiteEloChange "8"]
[BlackElo "2196"]
[BlackTitle "WFM"]
[BlackCountry "RUS"]
[BlackFideId "24165956"]
[BlackEloChange "-8"]

1. e4 {[%clk 1:30:53]} c5 {[%clk 1:30:54]} 2. Nf3 {[%clk 1:31:17]} Nc6 {[%clk
1:31:08]} 3. d4 {[%clk 1:31:33]} cxd4 {[%clk 1:31:33]} 4. Nxd4 {[%clk 1:32:00]}
Qb6 {[%clk 1:31:52]} 5. Nb3 {[%clk 1:32:21]} Nf6 {[%clk 1:31:50]} 6. Nc3 {[%clk
1:32:46]} e6 {[%clk 1:32:16]} 7. Be3 {[%clk 1:32:24]} Qc7 {[%clk 1:32:32]} 8. a3
{[%clk 1:32:48]} d6 {[%clk 1:29:53]} 9. f4 {[%clk 1:31:44]} a6 {[%clk 1:28:08]}
10. g4 {[%clk 1:29:56]} b5 {[%clk 1:26:33]} 11. g5 {[%clk 1:29:54]} Nd7 {[%clk
1:26:56]} 12. Qf3 {[%clk 1:27:12]} Bb7 {[%clk 1:26:04]} 13. O-O-O {[%clk
1:26:05]} Be7 {[%clk 1:21:54]} 14. h4 {[%clk 1:23:50]} Nc5 {[%clk 1:15:50]} 15.
Kb1 {[%clk 1:22:38]} Rc8 {[%clk 1:01:56]} 16. Rh2 {[%clk 1:15:37]} Nxb3 {[%clk
0:53:34]} 17. cxb3 {[%clk 1:16:00]} b4 {[%clk 0:48:50]} 18. axb4 {[%clk 1:15:02]}
Nxb4 {[%clk 0:48:36]} 19. Bc4 {[%clk 1:11:32]} Qa5 {[%clk 0:40:33]} 20. f5 {[%clk
1:05:05]} d5 {[%clk 0:28:26]} 21. exd5 {[%clk 0:59:29]} exd5 {[%clk 0:19:10]} 22.
f6 {[%clk 0:54:49]} gxf6 {[%clk 0:16:00]} 23. gxf6 {[%clk 0:55:14]} Bd6 {[%clk
0:16:26]} 24. Bf4 {[%clk 0:51:57]} Kd7 {[%clk 0:12:56]} 25. Bxd6 {[%clk 0:46:45]}
Kxd6 {[%clk 0:13:17]} 26. Qf4+ {[%clk 0:45:25]} Kc6 {[%clk 0:11:21]} 27. Bxd5+
{[%clk 0:45:25]} Nxd5 {[%clk 0:08:57]} 28. Rxd5 {[%clk 0:43:24]} Qc7 {[%clk
0:09:18]} 29. Qc4+ {[%clk 0:43:46]} Kb6 {[%clk 0:09:39]} 30. Qd4+ {[%clk
0:44:13]} 1-0

[Event "European Women's Championship"]
[Site "Vysoke Tatry"]
[Date "2018.04.16"]
[Round "8"]
[White "Richterova, Natasa"]
[Black "Sargsyan, Anna M."]
[Result "0-1"]
[Board "53"]
[WhiteElo "2181"]
[WhiteTitle "WIM"]
[WhiteCountry "CZE"]
[WhiteFideId "350591"]
[WhiteEloChange "-7"]
[BlackElo "2276"]
[BlackTitle "WFM"]
[BlackCountry "ARM"]
[BlackFideId "13308130"]
[BlackEloChange "7"]

1. Nf3 {[%clk 1:30:52]} d5 {[%clk 1:30:55]} 2. g3 {[%clk 1:30:51]} c5 {[%clk
1:31:11]} 3. Bg2 {[%clk 1:31:02]} g6 {[%clk 1:31:31]} 4. c4 {[%clk 1:29:24]} Nf6
{[%clk 1:31:56]} 5. O-O {[%clk 1:29:16]} Bg7 {[%clk 1:32:22]} 6. d4 {[%clk
1:24:48]} O-O {[%clk 1:15:20]} 7. cxd5 {[%clk 1:22:18]} Nxd5 {[%clk 1:15:02]} 8.
e4 {[%clk 1:18:50]} Nf6 {[%clk 1:11:35]} 9. e5 {[%clk 1:17:26]} Nd5 {[%clk
1:11:43]} 10. dxc5 {[%clk 1:16:19]} Na6 {[%clk 1:08:21]} 11. a3 {[%clk 1:15:17]}
Nxc5 {[%clk 1:05:06]} 12. b4 {[%clk 1:14:47]} Na6 {[%clk 1:03:37]} 13. Bb2 {[%clk
1:13:29]} Nac7 {[%clk 1:03:00]} 14. Qb3 {[%clk 1:09:03]} a5 {[%clk 0:57:41]} 15.
Rd1 {[%clk 1:00:32]} axb4 {[%clk 0:57:14]} 16. axb4 {[%clk 1:00:28]} Rxa1 {[%clk
0:57:40]} 17. Bxa1 {[%clk 1:00:51]} e6 {[%clk 0:58:00]} 18. Bd4 {[%clk 0:50:20]}
Bd7 {[%clk 0:55:49]} 19. Bc5 {[%clk 0:42:09]} Re8 {[%clk 0:55:27]} 20. Nc3 {[%clk
0:42:22]} Qa8 {[%clk 0:51:29]} 21. Re1 {[%clk 0:15:36]} b6 {[%clk 0:46:16]} 22.
Bd4 {[%clk 0:13:58]} Nxc3 {[%clk 0:46:32]} 23. Bxc3 {[%clk 0:14:22]} Bc6 {[%clk
0:45:26]} 24. Bd4 {[%clk 0:14:42]} Qb7 {[%clk 0:44:46]} 25. Rc1 {[%clk 0:14:09]}
Bh6 {[%clk 0:43:53]} 26. Ra1 {[%clk 0:12:51]} Rd8 {[%clk 0:39:00]} 27. Bb2 {[%clk
0:12:30]} Bd5 {[%clk 0:39:25]} 28. Qd1 {[%clk 0:11:55]} Bf8 {[%clk 0:39:48]} 29.
Bc3 {[%clk 0:10:06]} Bxf3 {[%clk 0:37:04]} 30. Qxd8 {[%clk 0:05:20]} Bxg2 {[%clk
0:37:29]} 31. Qd3 {[%clk 0:04:34]} Be4 {[%clk 0:34:57]} 32. Qe2 {[%clk 0:03:16]}
Bh1 {[%clk 0:30:49]} 33. Qf1 {[%clk 0:03:03]} Nb5 {[%clk 0:30:38]} 34. Bb2 {[%clk
0:02:33]} Bxb4 {[%clk 0:30:46]} 35. h4 {[%clk 0:02:50]} Nc7 {[%clk 0:30:21]} 36.
Kh2 {[%clk 0:02:57]} Bf3 {[%clk 0:30:41]} 37. Qc4 {[%clk 0:02:33]} Bc5 {[%clk
0:30:42]} 38. Qd3 {[%clk 0:01:54]} Qd5 {[%clk 0:30:36]} 39. Qxd5 {[%clk 0:01:02]}
Nxd5 {[%clk 0:31:01]} 40. Kg1 {[%clk 0:30:38]} Nb4 {[%clk 1:01:26]} 41. Bc3
{[%clk 0:28:57]} Nd3 {[%clk 1:01:29]} 42. Ra7 {[%clk 0:21:56]} Nxf2 {[%clk
1:01:39]} 43. Kf1 {[%clk 0:18:43]} Bd5 {[%clk 0:59:22]} 44. Rc7 {[%clk 0:18:13]}
Ne4 {[%clk 0:59:47]} 45. Be1 {[%clk 0:18:26]} Bd4 {[%clk 1:00:14]} 46. Rc8+
{[%clk 0:18:02]} Kg7 {[%clk 1:00:43]} 47. g4 {[%clk 0:17:17]} Bxe5 {[%clk
1:01:03]} 48. g5 {[%clk 0:17:41]} h6 {[%clk 1:01:04]} 49. gxh6+ {[%clk 0:15:28]}
Kxh6 {[%clk 1:00:51]} 50. Rf8 {[%clk 0:15:49]} Kg7 {[%clk 1:01:05]} 0-1

[Event "European Women's Championship"]
[Site "Vysoke Tatry"]
[Date "2018.04.16"]
[Round "8"]
[White "Manakova, Maria"]
[Black "Stetsko, Lanita"]
[Result "0-1"]
[Board "54"]
[WhiteElo "2268"]
[WhiteTitle "WGM"]
[WhiteCountry "SRB"]
[WhiteFideId "927007"]
[WhiteEloChange "-13"]
[BlackElo "2164"]
[BlackTitle "FM"]
[BlackCountry "BLR"]
[BlackFideId "13505300"]
[BlackEloChange "13"]

1. e4 {[%clk 1:29:27]} e5 {[%clk 1:30:45]} 2. Nf3 {[%clk 1:29:50]} Nc6 {[%clk
1:31:08]} 3. Bc4 {[%clk 1:30:07]} Bc5 {[%clk 1:31:00]} 4. c3 {[%clk 1:30:18]} Nf6
{[%clk 1:31:20]} 5. d3 {[%clk 1:30:24]} O-O {[%clk 1:31:26]} 6. O-O {[%clk
1:30:50]} d5 {[%clk 1:31:23]} 7. exd5 {[%clk 1:29:42]} Nxd5 {[%clk 1:31:48]} 8.
b4 {[%clk 1:25:31]} Be7 {[%clk 1:31:22]} 9. b5 {[%clk 1:23:25]} Na5 {[%clk
1:31:11]} 10. Bxd5 {[%clk 1:19:56]} Qxd5 {[%clk 1:31:33]} 11. c4 {[%clk 1:20:19]}
Qd7 {[%clk 1:31:07]} 12. Bd2 {[%clk 1:10:45]} e4 {[%clk 1:21:41]} 13. Bxa5 {[%clk
1:09:08]} exf3 {[%clk 1:21:37]} 14. Qxf3 {[%clk 1:09:15]} a6 {[%clk 1:18:57]} 15.
Bc3 {[%clk 0:50:12]} axb5 {[%clk 1:15:42]} 16. cxb5 {[%clk 0:50:06]} Qxb5 {[%clk
1:10:07]} 17. Qg3 {[%clk 0:49:12]} Qg5 {[%clk 1:06:41]} 18. Qxc7 {[%clk 0:47:57]}
Be6 {[%clk 1:02:15]} 19. Bd2 {[%clk 0:37:49]} Qc5 {[%clk 0:42:47]} 20. Qxc5
{[%clk 0:35:06]} Bxc5 {[%clk 0:43:11]} 21. Be3 {[%clk 0:29:16]} Bxe3 {[%clk
0:23:14]} 22. fxe3 {[%clk 0:29:40]} Rfc8 {[%clk 0:22:56]} 23. Rd1 {[%clk
0:21:44]} Bb3 {[%clk 0:14:23]} 24. Rf1 {[%clk 0:21:57]} Bxa2 {[%clk 0:13:58]} 25.
Nd2 {[%clk 0:18:02]} g6 {[%clk 0:10:45]} 26. Rfc1 {[%clk 0:16:01]} Rxc1+ {[%clk
0:10:15]} 27. Rxc1 {[%clk 0:16:28]} Ra3 {[%clk 0:09:43]} 28. Rc8+ {[%clk
0:10:11]} Kg7 {[%clk 0:10:11]} 29. Rd8 {[%clk 0:10:05]} b5 {[%clk 0:09:01]} 30.
Kf2 {[%clk 0:09:50]} Be6 {[%clk 0:08:59]} 31. e4 {[%clk 0:09:32]} Kf6 {[%clk
0:05:55]} 32. Ke3 {[%clk 0:09:37]} b4 {[%clk 0:04:34]} 33. Rb8 {[%clk 0:06:54]}
b3 {[%clk 0:04:50]} 34. h3 {[%clk 0:04:18]} h5 {[%clk 0:03:52]} 35. h4 {[%clk
0:04:04]} Kg7 {[%clk 0:03:01]} 36. g3 {[%clk 0:04:03]} Kf6 {[%clk 0:03:14]} 37.
Rb7 {[%clk 0:03:41]} g5 {[%clk 0:01:12]} 38. hxg5+ {[%clk 0:01:52]} Kxg5 {[%clk
0:01:40]} 39. Nf3+ {[%clk 0:01:44]} Kg4 {[%clk 0:00:40]} 40. Nd4 {[%clk 0:30:46]}
Kxg3 {[%clk 0:30:39]} 41. Rb5 {[%clk 0:07:13]} Bg4 {[%clk 0:27:26]} 42. Nxb3
{[%clk 0:07:01]} h4 {[%clk 0:25:12]} 43. Nd2 {[%clk 0:07:02]} Ra1 {[%clk
0:19:48]} 44. e5 {[%clk 0:05:47]} Re1+ {[%clk 0:20:10]} 45. Kd4 {[%clk 0:06:13]}
h3 {[%clk 0:20:00]} 46. Ne4+ {[%clk 0:06:10]} Kg2 {[%clk 0:20:11]} 47. Rb2+
{[%clk 0:05:45]} Re2 {[%clk 0:19:52]} 48. Rb8 {[%clk 0:02:51]} h2 {[%clk
0:19:47]} 49. Rb1 {[%clk 0:01:48]} Bf5 {[%clk 0:15:15]} 50. Nd6 {[%clk 0:01:53]}
Bg6 {[%clk 0:15:31]} 51. Nc4 {[%clk 0:00:52]} h1Q {[%clk 0:15:27]} 52. Ne3+
{[%clk 0:01:15]} Rxe3 {[%clk 0:15:43]} 0-1